| Tag |
First Indicator |
Second Indicator |
Subfields |
| LEADER |
00000cam a2200000 4500 |
| 001 |
in00000036731 |
| 005 |
20151007062212.0 |
| 008 |
730423s1957 nyu 00000 eng u |
| 010 |
|
|
|a 57008171
|
| 035 |
|
|
|a (OCoLC)00608411
|
| 035 |
|
|
|9 AAD4205AM
|
| 040 |
|
|
|c WSU
|d TXA
|d UtOrBLW
|
| 049 |
|
|
|a TXAM
|c [286735]
|
| 050 |
|
0 |
|a ML1700.1
|b .M33
|
| 092 |
|
|
|a 782.04
|b M323w
|
| 100 |
1 |
|
|a Marek, George R.
|q (George Richard),
|d 1902-1987.
|
| 245 |
1 |
4 |
|a The world treasury of grand opera :
|b its triumphs, trials, and great personalities.
|
| 250 |
|
|
|a [1st ed.].
|
| 264 |
|
1 |
|a New York :
|b Harper,
|c [1957]
|
| 300 |
|
|
|a 674 pages ;
|c 25 cm.
|
| 336 |
|
|
|a text
|b txt
|2 rdacontent
|
| 337 |
|
|
|a unmediated
|b n
|2 rdamedia
|
| 338 |
|
|
|a volume
|b nc
|2 rdacarrier
|
| 536 |
|
|
|a From the Howard Mayer Brown, Edward Downes and Mary Schieffelin Book Collections, October 2004.
|
| 650 |
|
0 |
|a Opera.
|
| 999 |
|
|
|a MARS
|
| 999 |
f |
f |
|s 51591eed-a170-323d-9fcd-29fa6f2c3dda
|i 2146b0e9-4ad1-3b2a-ad48-af3cc09e613e
|t 0
|
| 952 |
f |
f |
|p storage
|a Texas A&M University
|b J.J. Pickle Campus
|c High Density Repository
|d Remote Storage
|t 0
|e ML1700.1 .M33
|h Library of Congress classification
|i unmediated -- volume
|m A14831730376
|
| 952 |
f |
f |
|p ric
|a Texas A&M University
|b Rellis Campus
|c Joint Library Facility
|d Remote Storage
|t 0
|e ML1700.1 .M33
|h Library of Congress classification
|i unmediated -- volume
|m A14801170619
|
| 998 |
f |
f |
|a ML1700.1 .M33
|t 0
|l Remote Storage
|
| 998 |
f |
f |
|a ML1700.1 .M33
|t 0
|l Remote Storage
|